[Event "DVM U16 2020"]
[Site "Willingen GER"]
[Date "2021.06.24"]
[Round "2"]
[White "Schuh, Robert"]
[Black "von Rosen, Jakob"]
[Result "0-1"]
[Termination "normal"]
[Board "6.2"]
[WhiteElo "1588"]
[BlackElo "1722"]
[WhiteClock "00:21:29"]
[BlackClock "00:25:58"]
[WhiteTeam "FVS ASP Hoyerswerda"]
[BlackTeam "SchVgg Blankenese von 1923 e.V."]
[PlyCount "98"]
[WhiteFideId "16215990"]
[BlackFideId "12982989"]
[EventCountry "GER"]
[EventRounds "7"]
[EventType "team-swiss"]
[EventDate "2021.06.23"]

1. d4 {[%clk 1:30:58]} 1... Nf6 {[%clk 1:30:53]} 2. c4 {[%clk 1:31:23]} 2... c5
{[%clk 1:31:18]} 3. Nf3 {[%clk 1:31:41]} 3... g6 {[%clk 1:30:53]} 4. Nc3 {
[%clk 1:31:19]} 4... Bg7 {[%clk 1:30:45]} 5. e3 {[%clk 1:30:55]} 5... O-O {
[%clk 1:30:01]} 6. Be2 {[%clk 1:31:02]} 6... cxd4 {[%clk 1:27:28]} 7. exd4 {
[%clk 1:29:22]} 7... d5 {[%clk 1:26:26]} 8. b3 {[%clk 1:22:54]} 8... Nc6 {
[%clk 1:24:28]} 9. O-O {[%clk 1:20:38]} 9... Bg4 {[%clk 1:10:12]} 10. Ne5 {
[%clk 1:03:39]} 10... Bxe2 {[%clk 1:04:57]} 11. Nxe2 {[%clk 1:03:55]} 11... Rc8
{[%clk 1:00:07]} 12. Nxc6 {[%clk 0:54:49]} 12... Rxc6 {[%clk 0:59:39]} 13. c5 {
[%clk 0:48:02]} 13... Nd7 {[%clk 0:53:15]} 14. Rb1 {[%clk 0:48:07]} 14... e5 {
[%clk 0:50:50]} 15. dxe5 {[%clk 0:44:33]} 15... Nxc5 {[%clk 0:47:08]} 16. Bb2 {
[%clk 0:41:41]} 16... Re8 {[%clk 0:43:48]} 17. Nd4 {[%clk 0:32:20]} 17... Ra6 {
[%clk 0:39:40]} 18. b4 {[%clk 0:23:24]} 18... Na4 {[%clk 0:32:58]} 19. f4 {
[%clk 0:21:26]} 19... Nxb2 {[%clk 0:27:50]} 20. Rxb2 {[%clk 0:21:47]} 20... g5
{[%clk 0:22:58]} 21. Nf5 {[%clk 0:20:01]} 21... gxf4 {[%clk 0:19:51]} 22. Nxg7
{[%clk 0:19:18]} 22... Kxg7 {[%clk 0:18:45]} 23. Qg4+ {[%clk 0:19:07]} 23...
Rg6 {[%clk 0:18:12]} 24. Qxf4 {[%clk 0:19:30]} 24... Re7 {[%clk 0:15:20]} 25.
Qd4 {[%clk 0:17:37]} 25... Qb6 {[%clk 0:08:46]} 26. Qc5 {[%clk 0:08:19]} 26...
Rxe5 {[%clk 0:06:31]} 27. Rbf2 {[%clk 0:08:26]} 27... Qxc5 {[%clk 0:06:38]} 28.
bxc5 {[%clk 0:08:42]} 28... Re7 {[%clk 0:06:14]} 29. Rf5 {[%clk 0:09:03]} 29...
Rd7 {[%clk 0:05:47]} 30. Rd1 {[%clk 0:09:28]} 30... d4 {[%clk 0:05:54]} 31. Rd3
{[%clk 0:07:28]} 31... Rg4 {[%clk 0:05:13]} 32. Kf2 {[%clk 0:06:45]} 32... Re4
{[%clk 0:05:20]} 33. Kf3 {[%clk 0:05:08]} 33... Rde7 {[%clk 0:05:18]} 34. Rd5 {
[%clk 0:05:19]} 34... Re3+ {[%clk 0:05:06]} 35. Rxe3 {[%clk 0:05:40]} 35...
Rxe3+ {[%clk 0:05:32]} 36. Kf2 {[%clk 0:05:49]} 36... Ra3 {[%clk 0:05:42]} 37.
Rxd4 {[%clk 0:05:44]} 37... Rxa2+ {[%clk 0:06:04]} 38. Kf3 {[%clk 0:06:06]}
38... Rc2 {[%clk 0:05:52]} 39. Ra4 {[%clk 0:05:08]} 39... Rxc5 {[%clk 0:03:01]}
40. Rxa7 {[%clk 0:05:31]} 40... Rb5 {[%clk 0:02:46]} 41. h3 {[%clk 0:05:12]}
41... Rb1 {[%clk 0:02:18]} 42. Ke4 {[%clk 0:03:34]} 42... Kg6 {[%clk 0:02:30]}
43. Kf4 {[%clk 0:02:08]} 43... b5 {[%clk 0:01:29]} 44. Rb7 {[%clk 0:02:10]}
44... b4 {[%clk 0:00:59]} 45. Rb5 {[%clk 0:01:22]} 45... f6 {[%clk 0:29:55]}
46. h4 {[%clk 0:31:02]} 46... h5 {[%clk 0:29:05]} 47. Rb6 {[%clk 0:31:10]}
47... b3 {[%clk 0:26:44]} 48. Ke3 {[%clk 0:21:20]} 48... b2 {[%clk 0:25:48]}
49. Ke2 {[%clk 0:21:29]} 49... Rg1 {[%clk 0:25:58]} 0-1

[Event "DVM U16 2020"]
[Site "Willingen GER"]
[Date "2021.06.24"]
[Round "2"]
[White "Sell, Eero"]
[Black "Wende, Hugo"]
[Result "1/2-1/2"]
[Termination "normal"]
[Board "6.3"]
[WhiteElo "1766"]
[BlackElo "1599"]
[WhiteClock "00:19:37"]
[BlackClock "01:07:11"]
[WhiteTeam "SchVgg Blankenese von 1923 e.V."]
[BlackTeam "FVS ASP Hoyerswerda"]
[PlyCount "100"]
[WhiteFideId "34606041"]
[BlackFideId "16220030"]
[EventCountry "GER"]
[EventRounds "7"]
[EventType "team-swiss"]
[EventDate "2021.06.23"]

1. e4 {[%clk 1:30:58]} 1... e6 {[%clk 1:30:59]} 2. d4 {[%clk 1:31:23]} 2... d5
{[%clk 1:31:27]} 3. e5 {[%clk 1:31:48]} 3... c5 {[%clk 1:31:47]} 4. c3 { [%clk
1:32:14]} 4... Nc6 {[%clk 1:31:31]} 5. Nf3 {[%clk 1:32:28]} 5... Qb6 { [%clk
1:31:42]} 6. a3 {[%clk 1:32:52]} 6... a5 {[%clk 1:31:12]} 7. Bd3 { [%clk
1:32:42]} 7... Bd7 {[%clk 1:31:17]} 8. Bc2 {[%clk 1:32:50]} 8... Nge7 { [%clk
1:26:50]} 9. O-O {[%clk 1:31:22]} 9... Nf5 {[%clk 1:26:57]} 10. Bxf5 { [%clk
1:31:22]} 10... exf5 {[%clk 1:27:26]} 11. e6 {[%clk 1:16:58]} 11... Bxe6 {[%clk
1:25:08]} 12. Ng5 {[%clk 1:12:31]} 12... cxd4 {[%clk 1:20:36]} 13. Re1 { [%clk
1:11:11]} 13... Nd8 {[%clk 1:15:42]} 14. Qa4+ {[%clk 1:09:33]} 14... Qc6 {[%clk
1:15:01]} 15. Qxd4 {[%clk 1:08:41]} 15... h6 {[%clk 1:11:43]} 16. Nf3 { [%clk
1:06:55]} 16... Qc5 {[%clk 1:10:49]} 17. Qe5 {[%clk 1:02:43]} 17... Qd6 { [%clk
1:09:38]} 18. Qxf5 {[%clk 1:02:21]} 18... Be7 {[%clk 1:08:09]} 19. Qd3 { [%clk
0:59:34]} 19... O-O {[%clk 1:06:50]} 20. Ne5 {[%clk 0:53:46]} 20... Nc6 { [%clk
1:06:20]} 21. Bf4 {[%clk 0:53:23]} 21... Nxe5 {[%clk 1:04:17]} 22. Qg3 { [%clk
0:50:29]} 22... g5 {[%clk 0:59:47]} 23. Rxe5 {[%clk 0:45:36]} 23... Qd7 { [%clk
0:53:25]} 24. h4 {[%clk 0:38:03]} 24... f6 {[%clk 0:52:05]} 25. Re2 { [%clk
0:37:04]} 25... Kh7 {[%clk 0:50:17]} 26. Qd3+ {[%clk 0:34:04]} 26... Kg7 {[%clk
0:49:33]} 27. hxg5 {[%clk 0:31:02]} 27... hxg5 {[%clk 0:49:09]} 28. Nd2 {[%clk
0:28:55]} 28... Rae8 {[%clk 0:43:49]} 29. Rae1 {[%clk 0:26:33]} 29... Bg4
{[%clk 0:43:13]} 30. f3 {[%clk 0:14:38]} 30... gxf4 {[%clk 0:43:09]} 31. fxg4
{[%clk 0:14:09]} 31... Bc5+ {[%clk 0:42:26]} 32. Kf1 {[%clk 0:13:44]} 32... Re3
{[%clk 0:42:14]} 33. Qf5 {[%clk 0:10:05]} 33... Qxf5 {[%clk 0:40:16]} 34. gxf5
{[%clk 0:10:30]} 34... Rh8 {[%clk 0:40:40]} 35. Rxe3 {[%clk 0:09:33]} 35...
Rh1+ {[%clk 0:40:53]} 36. Ke2 {[%clk 0:09:45]} 36... Rxe1+ { [%clk 0:41:08]}
37. Kxe1 {[%clk 0:10:10]} 37... Bxe3 {[%clk 0:40:29]} 38. Nb3 { [%clk 0:02:35]}
38... a4 {[%clk 0:40:28]} 39. Na5 {[%clk 0:01:54]} 39... b6 { [%clk 0:40:32]}
40. Nc6 {[%clk 0:01:27]} 40... Bc1 {[%clk 0:40:40]} 41. Nb4 { [%clk 0:29:06]}
41... Bxb2 {[%clk 1:09:52]} 42. Nxd5 {[%clk 0:29:22]} 42... b5 {[%clk 1:09:58]}
43. Kd2 {[%clk 0:27:51]} 43... Bxa3 {[%clk 1:09:23]} 44. Nxf4 {[%clk 0:27:53]}
44... Bb2 {[%clk 1:09:19]} 45. Ne6+ {[%clk 0:26:08]} 45... Kh6 46. Nc7 {[%clk
0:26:23]} 46... Kg5 {[%clk 1:07:47]} 47. Nxb5 {[%clk 0:22:21]} 47... Kxf5
{[%clk 1:07:53]} 48. Kc2 {[%clk 0:22:24]} 48... Bxc3 {[%clk 1:06:53] } 49. Nxc3
{[%clk 0:20:01]} 49... Kf4 {[%clk 1:07:02]} 50. Nd5+ {[%clk 0:19:37] } 50...
Kg3 {[%clk 1:07:11]} 1/2-1/2

[Event "DVM U16 2020"]
[Site "Willingen GER"]
[Date "2021.06.24"]
[Round "2"]
[White "Yi, Danny"]
[Black "Sabirov, Rafael"]
[Result "1-0"]
[Termination "normal"]
[Board "7.1"]
[WhiteTitle "FM"]
[WhiteElo "2253"]
[BlackElo "1635"]
[WhiteClock "00:56:01"]
[BlackClock "01:01:09"]
[WhiteTeam "SF 59 Kornwestheim"]
[BlackTeam "Schachgemeinschaft Porz e. V."]
[PlyCount "47"]
[WhiteFideId "12988588"]
[BlackFideId "16241185"]
[EventCountry "GER"]
[EventRounds "7"]
[EventType "team-swiss"]
[EventDate "2021.06.23"]

1. e4 {[%clk 1:30:56]} 1... c5 {[%clk 1:30:59]} 2. Nf3 {[%clk 1:31:13]} 2... e6
{[%clk 1:31:28]} 3. d4 {[%clk 1:31:32]} 3... cxd4 {[%clk 1:31:57]} 4. Nxd4 {
[%clk 1:31:54]} 4... a6 {[%clk 1:32:25]} 5. Bd3 {[%clk 1:31:58]} 5... Bc5 {
[%clk 1:32:47]} 6. Nb3 {[%clk 1:32:13]} 6... Be7 {[%clk 1:33:15]} 7. O-O {
[%clk 1:29:44]} 7... d6 {[%clk 1:32:10]} 8. a4 {[%clk 1:25:43]} 8... b6 { [%clk
1:31:27]} 9. a5 {[%clk 1:23:37]} 9... b5 {[%clk 1:31:32]} 10. Be3 { [%clk
1:22:48]} 10... Nd7 {[%clk 1:31:49]} 11. N1d2 {[%clk 1:21:38]} 11... Ngf6
{[%clk 1:31:11]} 12. c4 {[%clk 1:19:10]} 12... bxc4 {[%clk 1:28:58]} 13. Nxc4 {
[%clk 1:19:08]} 13... Bb7 {[%clk 1:28:58]} 14. Nb6 {[%clk 0:59:42]} 14... Nxb6
{[%clk 1:25:17]} 15. axb6 {[%clk 0:59:13]} 15... Nxe4 {[%clk 1:20:03]} 16. Na5
{[%clk 0:58:31]} 16... Nc5 {[%clk 1:02:13]} 17. Bxc5 {[%clk 0:58:27]} 17...
Bxg2 {[%clk 1:02:22]} 18. Kxg2 {[%clk 0:58:09]} 18... dxc5 {[%clk 1:02:28]} 19.
Be4 {[%clk 0:58:07]} 19... Bd6 {[%clk 1:02:10]} 20. Qa4+ {[%clk 0:55:33]} 20...
Kf8 {[%clk 1:02:23]} 21. Bxa8 {[%clk 0:55:29]} 21... Qg5+ {[%clk 1:02:17]} 22.
Kh1 {[%clk 0:55:47]} 22... Qh5 {[%clk 1:01:20]} 23. f4 {[%clk 0:55:59]} 23...
g5 {[%clk 1:01:09]} 24. Qd7 {[%clk 0:56:01]} 1-0

[Event "DVM U16 2020"]
[Site "Willingen GER"]
[Date "2021.06.24"]
[Round "2"]
[White "Bolz, Jannis"]
[Black "Afonso, Nils"]
[Result "0-1"]
[Termination "normal"]
[Board "7.2"]
[WhiteElo "1636"]
[BlackElo "1960"]
[WhiteClock "00:47:34"]
[BlackClock "00:49:23"]
[WhiteTeam "Schachgemeinschaft Porz e. V."]
[BlackTeam "SF 59 Kornwestheim"]
[PlyCount "70"]
[WhiteFideId "16214897"]
[BlackFideId "12990582"]
[EventCountry "GER"]
[EventRounds "7"]
[EventType "team-swiss"]
[EventDate "2021.06.23"]

1. e4 {[%clk 1:30:59]} 1... e5 {[%clk 1:30:54]} 2. Nf3 {[%clk 1:31:21]} 2...
Nc6 {[%clk 1:31:21]} 3. Bc4 {[%clk 1:31:41]} 3... Bc5 {[%clk 1:31:46]} 4. c3 {
[%clk 1:31:58]} 4... Nf6 {[%clk 1:32:10]} 5. d4 {[%clk 1:30:20]} 5... exd4 {
[%clk 1:32:32]} 6. e5 {[%clk 1:24:15]} 6... d5 {[%clk 1:19:38]} 7. Bb3 { [%clk
1:12:45]} 7... Ne4 {[%clk 1:17:48]} 8. cxd4 {[%clk 1:10:10]} 8... Bb4+ { [%clk
1:13:06]} 9. Bd2 {[%clk 1:10:31]} 9... Nxd2 {[%clk 1:13:28]} 10. Nbxd2 { [%clk
1:10:54]} 10... O-O {[%clk 1:12:53]} 11. O-O {[%clk 1:11:12]} 11... Bg4 { [%clk
1:12:41]} 12. h3 {[%clk 1:10:19]} 12... Bh5 {[%clk 1:12:31]} 13. a3 { [%clk
1:07:21]} 13... Ba5 {[%clk 1:11:48]} 14. Bc2 {[%clk 1:07:32]} 14... Nxd4 {[%clk
1:08:16]} 15. g4 {[%clk 1:02:41]} 15... Nxc2 {[%clk 1:08:21]} 16. Qxc2 { [%clk
1:03:01]} 16... Bg6 {[%clk 1:08:43]} 17. Qb3 {[%clk 1:02:40]} 17... Bb6 { [%clk
1:08:25]} 18. Rad1 {[%clk 1:01:01]} 18... c6 {[%clk 1:01:23]} 19. Rfe1 { [%clk
0:56:21]} 19... Qc8 {[%clk 0:59:28]} 20. Nh2 {[%clk 0:56:24]} 20... Qc7 { [%clk
0:57:26]} 21. Kg2 {[%clk 0:56:15]} 21... f5 {[%clk 0:55:45]} 22. Ndf3 { [%clk
0:53:31]} 22... fxg4 {[%clk 0:55:33]} 23. Nxg4 {[%clk 0:52:49]} 23... Kh8
{[%clk 0:55:04]} 24. Nh4 {[%clk 0:50:25]} 24... Bh5 {[%clk 0:54:50]} 25. f3 {
[%clk 0:49:03]} 25... Qe7 {[%clk 0:54:22]} 26. Kg3 {[%clk 0:47:57]} 26... Bxg4
{[%clk 0:49:47]} 27. hxg4 {[%clk 0:48:16]} 27... Bf2+ {[%clk 0:49:37]} 28. Kxf2
{[%clk 0:48:22]} 28... Qxh4+ {[%clk 0:50:03]} 29. Kg2 {[%clk 0:48:45]} 29...
Rae8 {[%clk 0:48:35]} 30. Qxb7 {[%clk 0:48:08]} 30... Rxf3 {[%clk 0:47:48]} 31.
Kxf3 {[%clk 0:47:15]} 31... Rf8+ {[%clk 0:48:12]} 32. Ke3 {[%clk 0:46:58]}
32... Qf2+ {[%clk 0:48:36]} 33. Kd3 {[%clk 0:46:58]} 33... Rf3+ {[%clk 0:48:59]
} 34. Re3 {[%clk 0:47:18]} 34... Rxe3+ {[%clk 0:49:23]} 35. Kd4 {[%clk 0:47:34]
} 35... Rb3# 0-1

[Event "DVM U16 2020"]
[Site "Willingen GER"]
[Date "2021.06.24"]
[Round "2"]
[White "Kluge, Malte"]
[Black "Kazimov, Alis"]
[Result "1-0"]
[Termination "normal"]
[Board "7.3"]
[WhiteElo "1652"]
[BlackElo "1341"]
[WhiteClock "00:03:48"]
[BlackClock "00:46:47"]
[WhiteTeam "SF 59 Kornwestheim"]
[BlackTeam "Schachgemeinschaft Porz e. V."]
[PlyCount "86"]
[WhiteFideId "16243838"]
[BlackFideId "16255348"]
[EventCountry "GER"]
[EventRounds "7"]
[EventType "team-swiss"]
[EventDate "2021.06.23"]

1. d4 {[%clk 1:30:48]} 1... Nf6 {[%clk 1:30:56]} 2. c4 {[%clk 1:31:12]} 2... e5
{[%clk 1:31:22]} 3. dxe5 {[%clk 1:31:27]} 3... Ng4 {[%clk 1:31:48]} 4. Nf3 {
[%clk 1:31:16]} 4... Nc6 {[%clk 1:32:07]} 5. e3 {[%clk 1:30:13]} 5... Bb4+ {
[%clk 1:32:15]} 6. Bd2 {[%clk 1:29:50]} 6... Bxd2+ {[%clk 1:32:20]} 7. Qxd2 {
[%clk 1:29:34]} 7... Qe7 {[%clk 1:30:28]} 8. Nc3 {[%clk 1:26:01]} 8... Ngxe5 {
[%clk 1:29:49]} 9. Nxe5 {[%clk 1:23:14]} 9... Qxe5 {[%clk 1:28:37]} 10. Qd5 {
[%clk 1:10:40]} 10... O-O {[%clk 1:24:53]} 11. Qxe5 {[%clk 1:05:43]} 11... Nxe5
{[%clk 1:25:20]} 12. Be2 {[%clk 1:00:29]} 12... b6 {[%clk 1:20:34]} 13. Nb5 {
[%clk 0:51:19]} 13... Bb7 {[%clk 1:18:31]} 14. f3 {[%clk 0:46:22]} 14... Rfc8 {
[%clk 1:13:34]} 15. Rd1 {[%clk 0:36:42]} 15... a6 {[%clk 1:03:39]} 16. Nc3
16... d6 {[%clk 1:02:24]} 17. O-O {[%clk 0:34:02]} 17... Re8 {[%clk 1:01:20]}
18. e4 Ng6 19. Nd5 {[%clk 0:29:35]} 19... Bxd5 {[%clk 1:01:35]} 20. cxd5 {
[%clk 0:29:53]} 20... f5 {[%clk 1:00:20]} 21. Bd3 {[%clk 0:27:32]} 21... Ne5 {
[%clk 0:56:41]} 22. Rfe1 {[%clk 0:22:19]} 22... f4 {[%clk 0:54:22]} 23. Bf1 {
[%clk 0:21:21]} 23... g5 {[%clk 0:53:22]} 24. Rc1 {[%clk 0:19:09]} 24... Ra7 {
[%clk 0:51:50]} 25. Rc3 {[%clk 0:18:15]} 25... Kf7 {[%clk 0:51:41]} 26. Rec1 {
[%clk 0:18:33]} 26... Rc8 {[%clk 0:52:05]} 27. g3 {[%clk 0:14:25]} 27... h5 {
[%clk 0:47:18]} 28. gxf4 {[%clk 0:12:31]} 28... gxf4 {[%clk 0:47:38]} 29. Bh3 {
[%clk 0:12:55]} 29... Rg8+ {[%clk 0:47:52]} 30. Kf2 {[%clk 0:11:40]} 30... Re8
{[%clk 0:47:21]} 31. Rxc7+ {[%clk 0:11:12]} 31... Rxc7 {[%clk 0:47:43]} 32.
Rxc7+ {[%clk 0:11:35]} 32... Re7 {[%clk 0:48:11]} 33. Be6+ {[%clk 0:10:32]}
33... Kf8 {[%clk 0:46:46]} 34. Rxe7 {[%clk 0:06:56]} 34... Kxe7 {[%clk 0:47:05]
} 35. Ke2 {[%clk 0:04:23]} 35... Nd7 {[%clk 0:47:21]} 36. Bxd7 36... Kxd7 {
[%clk 0:47:42]} 37. Kd3 {[%clk 0:04:28]} 37... Ke7 {[%clk 0:46:42]} 38. Kd4 {
[%clk 0:04:26]} 38... Kf6 {[%clk 0:47:07]} 39. h4 {[%clk 0:04:30]} 39... b5 {
[%clk 0:46:10]} 40. b4 {[%clk 0:03:56]} 40... Ke7 {[%clk 0:46:13]} 41. e5 {
[%clk 0:03:14]} 41... dxe5+ {[%clk 0:46:27]} 42. Kxe5 {[%clk 0:03:43]} 42...
Kd7 {[%clk 0:46:36]} 43. d6 {[%clk 0:03:48]} 43... Ke8 {[%clk 0:46:47]} 1-0

[Event "DVM U16 2020"]
[Site "Willingen GER"]
[Date "2021.06.24"]
[Round "2"]
[White "Laudwein, Jakob"]
[Black "Afonso, Phil"]
[Result "1-0"]
[Termination "normal"]
[Board "7.4"]
[WhiteElo "1559"]
[BlackElo "1542"]
[WhiteClock "00:23:02"]
[BlackClock "01:41:19"]
[WhiteTeam "Schachgemeinschaft Porz e. V."]
[BlackTeam "SF 59 Kornwestheim"]
[PlyCount "91"]
[WhiteFideId "16258487"]
[BlackFideId "16207475"]
[EventCountry "GER"]
[EventRounds "7"]
[EventType "team-swiss"]
[EventDate "2021.06.23"]

1. d4 {[%clk 1:30:58]} 1... Nf6 {[%clk 1:30:59]} 2. c4 {[%clk 1:31:19]} 2... g6
{[%clk 1:31:27]} 3. g3 {[%clk 1:31:28]} 3... Bg7 {[%clk 1:31:50]} 4. Bg2 {
[%clk 1:31:53]} 4... d6 {[%clk 1:32:13]} 5. Nc3 {[%clk 1:32:11]} 5... O-O {
[%clk 1:32:39]} 6. Nf3 {[%clk 1:32:31]} 6... Nbd7 {[%clk 1:33:00]} 7. e4 {
[%clk 1:32:39]} 7... e5 {[%clk 1:33:24]} 8. O-O {[%clk 1:29:54]} 8... Re8 {
[%clk 1:32:59]} 9. Re1 {[%clk 1:26:38]} 9... a5 {[%clk 1:32:34]} 10. Be3 {
[%clk 1:20:00]} 10... Rf8 {[%clk 1:30:48]} 11. h3 {[%clk 1:11:38]} 11... b6 {
[%clk 1:30:01]} 12. Qc2 {[%clk 1:08:11]} 12... Ba6 {[%clk 1:26:27]} 13. Nd2 {
[%clk 0:56:17]} 13... Bb7 {[%clk 1:23:59]} 14. d5 {[%clk 0:55:34]} 14... Nc5 {
[%clk 1:23:54]} 15. a3 {[%clk 0:54:58]} 15... Qe7 {[%clk 1:20:34]} 16. b4 {
[%clk 0:54:04]} 16... Ncd7 {[%clk 1:20:34]} 17. Nb3 {[%clk 0:43:52]} 17... axb4
{[%clk 1:19:19]} 18. axb4 {[%clk 0:44:03]} 18... Rfc8 {[%clk 1:19:14]} 19. Reb1
{[%clk 0:41:31]} 19... Qe8 {[%clk 1:18:57]} 20. c5 {[%clk 0:38:03]} 20... bxc5
{[%clk 1:16:49]} 21. bxc5 {[%clk 0:38:10]} 21... dxc5 {[%clk 1:16:33]} 22. Nxc5
{[%clk 0:34:30]} 22... Nxc5 {[%clk 1:16:24]} 23. Bxc5 {[%clk 0:34:28]} 23...
Rxa1 {[%clk 1:16:28]} 24. Rxa1 {[%clk 0:34:40]} 24... Ra8 {[%clk 1:16:25]} 25.
Qb2 {[%clk 0:32:16]} 25... Rxa1+ {[%clk 1:16:10]} 26. Qxa1 {[%clk 0:32:40]}
26... Bf8 {[%clk 1:15:53]} 27. Bxf8 {[%clk 0:31:40]} 27... Qxf8 {[%clk 1:15:47]
} 28. Nb5 {[%clk 0:28:06]} 28... Qc5 {[%clk 1:15:33]} 29. Qxe5 {[%clk 0:27:52]}
29... Qxb5 {[%clk 1:13:17]} 30. Qxf6 {[%clk 0:27:53]} 30... Qb6 {[%clk 1:12:14]
} 31. Qxb6 {[%clk 0:17:02]} 31... cxb6 {[%clk 1:12:41]} 32. f4 {[%clk 0:17:13]}
32... Kf8 {[%clk 1:13:01]} 33. Kf2 {[%clk 0:17:40]} 33... Ke7 {[%clk 1:12:51]}
34. e5 {[%clk 0:17:51]} 34... Ba6 35. Ke3 {[%clk 0:16:36]} 35... Kd7 { [%clk
1:13:18]} 36. Kd4 {[%clk 0:14:29]} 36... Kc7 {[%clk 1:13:03]} 37. Ke4 { [%clk
0:08:49]} 37... Kd7 {[%clk 1:13:18]} 38. g4 {[%clk 0:08:15]} 38... Bb5 { [%clk
1:13:13]} 39. f5 {[%clk 0:05:54]} 39... Ke7 {[%clk 1:12:26]} 40. Kd4 { [%clk
0:01:38]} 40... Ba6 {[%clk 1:11:34]} 41. d6+ {[%clk 0:00:56]} 41... Kd7 { [%clk
1:11:50]} 42. Bd5 {[%clk 0:00:40]} 42... f6 {[%clk 1:11:50]} 43. Be6+ { [%clk
0:27:41]} 43... Kc6 {[%clk 1:41:59]} 44. d7 {[%clk 0:22:31]} 44... fxe5+ {[%clk
1:40:54]} 45. Kxe5 {[%clk 0:22:51]} 45... Kc7 {[%clk 1:41:19]} 46. f6 { [%clk
0:23:02]} 1-0

[Event "DVM U16 2020"]
[Site "Willingen GER"]
[Date "2021.06.24"]
[Round "2"]
[White "Wang, Xinyuan"]
[Black "Danninger, Jannik"]
[Result "1-0"]
[Termination "normal"]
[Board "8.1"]
[WhiteElo "1759"]
[BlackElo "1921"]
[WhiteTeam "Karlsruher SF 1853"]
[BlackTeam "TV Tegernsee"]
[PlyCount "103"]
[WhiteFideId "16221494"]
[BlackFideId "16226402"]
[EventCountry "GER"]
[EventRounds "7"]
[EventType "team-swiss"]
[EventDate "2021.06.23"]

1. d4 d5 2. c4 e6 3. Nc3 Nf6 4. cxd5 exd5 5. Bg5 Be7 6. Qc2 c6 7. e3 h6 8. Bh4
O-O 9. Bd3 Re8 10. Nge2 Ne4 11. Bxe7 Qxe7 12. Nxe4 dxe4 13. Bc4 Be6 14. O-O Nd7
15. Bxe6 Qxe6 16. b4 Rac8 17. Rfc1 Qd6 18. Rab1 Nf6 19. Qc5 Qd7 20. a4 a6 21.
Qc2 Nd5 22. Qb2 Nc7 23. Nc3 h5 24. a5 h4 25. h3 Qf5 26. Qe2 Re6 27. Qg4 Qxg4
28. hxg4 Rce8 29. Kh2 Rh6 30. Rd1 Rd6 31. Na4 Nd5 32. Nc5 Re7 33. Rdc1 Rf6 34.
Rb2 Kf8 35. g3 Rh6 36. gxh4 Rxh4+ 37. Kg3 Rh6 38. Re1 g6 39. f3 exf3 40. e4 f2
41. Rxf2 Nc3 42. e5 Nd5 43. Rb1 Kg7 44. Ne4 Re8 45. Rbf1 Rf8 46. Ng5 Rhh8 47.
Rxf7+ Rxf7 48. Rxf7+ Kh6 49. Ne4 Nxb4 50. g5+ Kh5 51. Rf1 Rd8 52. Rh1# 1-0

[Event "DVM U16 2020"]
[Site "Willingen GER"]
[Date "2021.06.24"]
[Round "2"]
[White "Dietlmeier, Tobias"]
[Black "Kravtsov, Maksim"]
[Result "1/2-1/2"]
[Termination "normal"]
[Board "8.2"]
[WhiteElo "1818"]
[BlackElo "1805"]
[WhiteClock "00:08:36"]
[BlackClock "00:27:19"]
[WhiteTeam "TV Tegernsee"]
[BlackTeam "Karlsruher SF 1853"]
[PlyCount "94"]
[WhiteFideId "16213963"]
[BlackFideId "54173868"]
[EventCountry "GER"]
[EventRounds "7"]
[EventType "team-swiss"]
[EventDate "2021.06.23"]

1. e4 e6 2. d4 d5 3. exd5 exd5 4. Bd3 c5 5. c3 Qc7 6. Nf3 Bd6 7. O-O Ne7 8. h3
h6 9. Re1 O-O 10. Nbd2 Nbc6 11. dxc5 Bxc5 12. Nb3 Bb6 13. Nbd4 Kh8 14. Be3 f5
15. Nxc6 bxc6 16. Bf4 Qxf4 17. Rxe7 Bc5 18. Re2 g5 19. Qe1 Bd7 20. Ne5 Be8 21.
b4 Bb6 22. a4 a6 23. c4 Bd4 24. Ra3 Bh5 25. Bb1 Bxe5 26. Rxe5 Rae8 27. Rae3
Rxe5 28. Rxe5 Qxc4 29. Re6 Bf7 30. Qe5+ Kg8 31. Rxh6 Qc1+ 32. Kh2 Qf4+ 33. Qxf4
gxf4 34. Rxc6 Rb8 35. Rxa6 Rxb4 36. Bxf5 Rb2 37. Be6 Bxe6 38. Rxe6 Rxf2 39. a5
Ra2 40. a6 f3 41. a7 Kf7 42. Re5 Rxg2+ 43. Kh1 Ra2 44. Rxd5 Ke6 45. Rd3 Rxa7
46. Rxf3 Rf7 47. Rxf7 Kxf7 1/2-1/2

[Event "DVM U16 2020"]
[Site "Willingen GER"]
[Date "2021.06.24"]
[Round "2"]
[White "Borodaev, Roman"]
[Black "Cheredzhiyska, Iva"]
[Result "0-1"]
[Termination "normal"]
[Board "8.3"]
[WhiteElo "1657"]
[BlackElo "1601"]
[WhiteClock "00:54:03"]
[BlackClock "00:46:52"]
[WhiteTeam "Karlsruher SF 1853"]
[BlackTeam "TV Tegernsee"]
[PlyCount "41"]
[WhiteFideId "16274881"]
[BlackFideId "16241622"]
[EventCountry "GER"]
[EventRounds "7"]
[EventType "team-swiss"]
[EventDate "2021.06.23"]

1. e4 {[%clk 1:30:59]} 1... e5 {[%clk 1:30:34]} 2. Nf3 {[%clk 1:31:26]} 2...
Nc6 {[%clk 1:30:56]} 3. Bb5 {[%clk 1:31:50]} 3... a6 {[%clk 1:30:56]} 4. Ba4 {
[%clk 1:32:16]} 4... b5 {[%clk 1:30:52]} 5. Bb3 {[%clk 1:33:00]} 5... Bc5 {
[%clk 1:30:11]} 6. O-O {[%clk 1:29:48]} 6... Nf6 {[%clk 1:25:06]} 7. c3 7...
Nxe4 {[%clk 1:18:16]} 8. d4 {[%clk 1:29:54]} 8... exd4 {[%clk 1:14:56]} 9. cxd4
{[%clk 1:30:18]} 9... Bb4 10. Bc2 {[%clk 1:26:39]} 10... d5 {[%clk 1:13:06]}
11. a3 11... Ba5 {[%clk 1:09:01]} 12. b4 {[%clk 1:26:32]} 12... Bb6 { [%clk
1:09:25]} 13. Re1 13... O-O {[%clk 1:06:04]} 14. Bxe4 {[%clk 1:20:44]} 14...
dxe4 {[%clk 1:06:18]} 15. Rxe4 {[%clk 1:14:18]} 15... Bb7 {[%clk 1:00:25] } 16.
Rg4 16... Qd7 {[%clk 0:56:12]} 17. Rg3 {[%clk 1:11:56]} 17... Nxd4 18. Nbd2
{[%clk 0:53:57]} 18... Nxf3+ {[%clk 0:49:44]} 19. gxf3 19... Bxf2+ { [%clk
0:46:28]} 20. Kxf2 {[%clk 0:53:39]} 20... Qd4+ {[%clk 0:46:52]} 21. Kg2 { [%clk
0:54:03]} 0-1